02583nkc a2200373za 450000100060000000300040000600500170001000700070002700800410003404000240007510000410009924500500014026000240019030001000021450002330031450001920054750000650073950001340080450001700093850400520110850500480116051001510120851002100135956101300156961000470169965100260174665500400177270000600181285200120187285601500188494200250203495201330205999900170219284436OSt20260317131116.0kh boc250409s19101911sp ||||| |||| 00| i|spa d aM-RABAbspacM-RABA1 aElorza, Lorenzod(1861-1931)911106810aErenchunb: Pórtico de la iglesia c/ L. E. c[ca. 1910 – 1911] a1 fotografíab: gelatina de platac; imagen 12 x 16,5 cmc; soporte secundario 21,5 x 26,5 cm aVista de uno de los tres arcos apuntados cegados de los que se compone el interior del pórtico de la iglesia parroquial de San Andrés en Erenchun. Un niño figura sentado junto a las columnas sobre las que se apea el arco.  aFotografía montada sobre soporte secundario de cartulina azul enmarcada con orla en relieve. Título y numeración manuscrita que hace referencia a la posición en la serie “57”. aSello con monograma del fotógrafo en tinta roja “L.E.” aFechas tomadas de la ejecución del positivo de las fotografías, incluido el soporte secundario. (Soto Madrazo, Javier. 2008). aForma parte de un conjunto de 167 fotografías empleadas por Federico Baráibar Zumárraga para la elaboración del Inventario del Románico en Álava (1911).  aBaraibar, F.: "Rincones artísticos", M. 1914. aErenchun.- Pórtico de la Iglesia. / L. E. aDescripción tomada de: Soto Madrazo, Javier (2008). Federico Baraibar y el Inventario del Románico en Álava: una caja con 167 fotografías. aEsta colección fue utilizada posteriormente por Cristóbal de Castro para la elaboración y publicación del "Catálogo Monumental de España: provincia de Álava", Madrid, S. de Rivadeneira, 1915. aDonadas junto con la memoria manuscrita a la Academia por el mismo Baraibar (Sesión 12 de febrero de 1912, Archivo: 4-32-1)20aIglesia de San Andrés (Erenchun)9111614 7aÁlava2embne975661 0aFotografías de monumentos91115801 aBaráibar y Zumárraga, Federico d(1851-1918)912926 jFot-166 3Fot-166uhttps://archivoybiblioteca.realacademiabellasartessanfernando.com/cgi-bin/koha/opac-retrieve-file.pl?id=5d3fbd4b29151d9ead03603720799b4d 2ddccFOTOGRAFÍAn0 00102ddc40708FOTOGRAFIAaRABASFbRABASFcDP2d2025-04-09l0oFot-166p1095311r2025-04-09 12:31:30w2025-04-09yFOTOGRAFÍA c84436d84436